| 000 | 00758nam a22002417a 4500 | ||
|---|---|---|---|
| 999 |
_c4391 _d4391 |
||
| 003 | AR-CdUCM | ||
| 008 | 190308b ||||| |||| 00| 0 spa d | ||
| 020 | _a84-8280-154-6 | ||
| 040 |
_aMUNICIPALIDAD PROVINCIAL DEL CUSCO _cBIBLIOTECA MUNICIPAL DEL CUSCO |
||
| 082 |
_a868.21 / _bR74 |
||
| 100 |
_aRodríguez de Montalvo, Garci _913858 |
||
| 245 | _aAmadís de Gaula / | ||
| 260 |
_aColombia : _bOveja Negra, _c1983. |
||
| 300 |
_a158 paginas ; _c18cm. |
||
| 440 |
_aHistoria Universal de la Literatura _n54 _913859 |
||
| 500 | _aImpresión facsimilar de la edición de 1539. | ||
| 650 |
_aLibros de Caballerias _912779 |
||
| 650 |
_aEspaña _9176 |
||
| 650 |
_aLiteratura _983 |
||
| 700 |
_aTenreiro, R _913860 |
||
| 942 |
_2ddc _cLIBROS |
||
| 945 | _apjha | ||